| 000 | 00326nam a22001217a 4500 | ||
|---|---|---|---|
| 008 | 160423b xxu||||| |||| 00| 0 eng d | ||
| 020 | _a9780132243551 | ||
| 020 | _a9780132243551 | ||
| 041 | _aeng | ||
| 080 | _a618.2 | ||
| 245 |
_aClinical nursing skills: _cSandra F. Smith; Donna J. Duell; Barbara C. Martin; |
||
| 942 |
_2udc _cBK |
||
| 999 |
_c1546 _d1546 |
||